000
00305nam a22001217a 4500
008
230703b xxu||||| |||| 00| 0 eng d
082
_a
351
_b
BLS
100
_c
BCL
245
_a
Ontario and Federal Family Legislation
260
_a
Canada
_b
Butterworths Canada Ltd
_c
1995
300
_a
943p
942
_2
ddc
_c
BK
999
_c
3179
_d
3179